00965cam a22002532 45000010005000000030008000050050017000130080039000300350018000690400032000870410008001190820026001271000054001532450113002072600033003203000054003535040050004076500040004577000025004977000022005229420012005449990015005569520140005718661BD-RjUL20211208234628.0140119t1965 c a b 001 0 eng a(BD-RjUL)8706 aDLCcDLCdEQOdBD-RjULbeng aeng04a530.028216bLIL 19651 aLivesey, Derek L.q(Derek Leonard),d1923-92697912aA laboratory course in physics /c[by] D. L. Livesey, G. H. Cannon, T. Ryniak; line drawings by Don Hayward. aToronto :bcopp pub.,c1965. aV-2 (ix, 186 p.) :billus., diagrs. ;c23 1/2 cm. aIncludes bibliographical reference and index. 0aPhysicsvLaboratory manuals.9255351 aCannon, G. H.9269801 aRyniak, T.926981 2ddccBK c8661d8661 00102ddc3V-240718NFICaRUCLbRUCLcreadingd1974-03-11eCanada giftl0o530.028 LIL 1965r2014-01-19 00:00:00tC-1w2014-01-19yBK